000 00594 a2200181 4500
999 _c7957
_d7957
010 _aENG-88270
020 _a8178241919
_c450.00
035 _aEN-71803
037 _bDBAD / PUB
082 1 4 _a337
100 1 _aBasu, Kaushik
245 1 _aThe retreat of democracy and other itinerant essays on globalization, economics and India/
_cby Kaushik Basu
260 _aDelhi
_bPermanent Black
_c2007
270 _aD-28, Oxford Apartments, 11, I.P.Extension,
_b Delhi
_c110 092
300 _aix, 279 p.
_c21cm (Hb.)
500 _aIncludes Index
942 _adpl
_cEN
_2ddc
_h337
_mBAS